PRAVDIVO POZNÁVAŤ ŽIVOT

Bibliographic Details
Main Author: Beňová, Terézia, 1945-1997 (Author)
Format: Article
Language:Slovak
Subjects:

MARC

LEADER 00000nab a2200000ua 4500
001 vtls010749732
003 SK-MaSNL
005 20260304234614.0
008 250718s1988 xo |||||||||||||||||slo|
035 |a (urnnbn)urn:nbn:sk:snk:ar-a006w8 
035 |a (uuid)0e14c0d7-d853-4de2-80c3-b94f8cddea38 
035 |a urn:nbn:sk:snk-ab45c0 
040 |a SNKBUCL  |b slo  |c SNKBUCL  |e AACR2 
041 0 |a slo 
044 |a xo  |c SK 
100 1 |a Beňová, Terézia,  |d 1945-1997  |4 aut  |9 42841 
245 1 0 |a PRAVDIVO POZNÁVAŤ ŽIVOT  |c Terézia Beňová 
650 0 7 |a predškolská výchova  |2 SNKPH  |9 3959 
773 0 |t Rodina a škola  |g Roč. 35, č. 7 (1988), s. 4-5 
850 |a Slovenská národná knižnica 
852 |a Slovenská národná knižnica 
954 |a odborná, vedecká literatúra pôvodná (slovenská)  |2 lita 
958 |a article3 
958 |a OND 
958 |a EUIPO 
999 |c 3204842  |d 3206772